<?xml version="1.0" encoding="UTF-8"?>
<record
    xmlns:xsi="http://www.w3.org/2001/XMLSchema-instance"
    xsi:schemaLocation="http://www.loc.gov/MARC21/slim http://www.loc.gov/standards/marcxml/schema/MARC21slim.xsd"
    xmlns="http://www.loc.gov/MARC21/slim">

  <leader>01036nam0a22002771  4500</leader>
  <controlfield tag="001">RU\NLR\A1SV\75651</controlfield>
  <controlfield tag="005">20251203171251.9</controlfield>
  <datafield tag="035" ind1=" " ind2=" ">
    <subfield code="a">(NLR Aleph) 009757142</subfield>
  </datafield>
  <datafield tag="090" ind1=" " ind2=" ">
    <subfield code="a">10004154</subfield>
    <subfield code="c">10004154</subfield>
  </datafield>
  <datafield tag="100" ind1=" " ind2=" ">
    <subfield code="a">20070111d1922    u  y0rusy50      ca</subfield>
  </datafield>
  <datafield tag="101" ind1="0" ind2=" ">
    <subfield code="a">rus</subfield>
  </datafield>
  <datafield tag="102" ind1=" " ind2=" ">
    <subfield code="a">RU</subfield>
  </datafield>
  <datafield tag="200" ind1="1" ind2=" ">
    <subfield code="a">&#x410;&#x43D;&#x433;&#x43B;&#x43E;-&#x440;&#x443;&#x441;&#x441;&#x43A;&#x438;&#x435; &#x43E;&#x442;&#x43D;&#x43E;&#x448;&#x435;&#x43D;&#x438;&#x44F; &#x432; &#x410;&#x444;&#x433;&#x430;&#x43D;&#x441;&#x43A;&#x43E;&#x43C; &#x432;&#x43E;&#x43F;&#x440;&#x43E;&#x441;&#x435;</subfield>
    <subfield code="e">&#x421;&#x442;&#x435;&#x43D;&#x43E;&#x433;&#x440;. &#x434;&#x43E;&#x43A;&#x43B;. &#x43D;&#x430; &#x437;&#x430;&#x441;&#x435;&#x434;&#x430;&#x43D;&#x438;&#x438; &#x41E;&#x440;&#x438;&#x435;&#x43D;&#x442;.-&#x44D;&#x43A;&#x43E;&#x43D;. &#x441;&#x435;&#x43C;&#x438;&#x43D;&#x430;&#x440;&#x438;&#x44F; &#x41F;&#x435;&#x442;&#x440;&#x43E;&#x433;&#x440;. &#x43F;&#x440;&#x430;&#x43A;&#x442;. &#x438;&#x43D;-&#x442;&#x430; &#x43D;&#x430;&#x440;. &#x445;&#x43E;&#x437;. 19 &#x438;&#x44E;&#x43D; 1922 &#x433;.</subfield>
    <subfield code="f">&#x41F;.&#x411;.&#x41B;&#x435;&#x432;&#x438;&#x43D;, &#x43D;&#x443;&#x430;&#x447;. &#x441;&#x43E;&#x442;&#x440;. &#x41F;&#x435;&#x442;&#x440;&#x43E;&#x433;&#x440;. &#x43F;&#x440;&#x430;&#x43A;&#x442;. &#x438;&#x43D;-&#x442;&#x430; &#x43D;&#x430;&#x440;. &#x445;&#x43E;&#x437;.</subfield>
  </datafield>
  <datafield tag="210" ind1=" " ind2=" ">
    <subfield code="a">&#x41F;&#x433;.</subfield>
    <subfield code="d">[1922]</subfield>
  </datafield>
  <datafield tag="215" ind1=" " ind2=" ">
    <subfield code="a">35 &#x441;.</subfield>
    <subfield code="d">23 &#x441;&#x43C;</subfield>
  </datafield>
  <datafield tag="300" ind1=" " ind2=" ">
    <subfield code="a">&#x41D;&#x430; &#x43F;&#x440;&#x430;&#x432;&#x430;&#x445; &#x440;&#x443;&#x43A;&#x43E;&#x43F;.</subfield>
  </datafield>
  <datafield tag="320" ind1=" " ind2=" ">
    <subfield code="a">&#x411;&#x438;&#x431;&#x43B;&#x438;&#x43E;&#x433;&#x440;.: &#x441;.33-35</subfield>
  </datafield>
  <datafield tag="620" ind1=" " ind2=" ">
    <subfield code="d">&#x421;&#x430;&#x43D;&#x43A;&#x442;-&#x41F;&#x435;&#x442;&#x435;&#x440;&#x431;&#x443;&#x440;&#x433;</subfield>
  </datafield>
  <datafield tag="700" ind1=" " ind2="1">
    <subfield code="a">&#x41B;&#x435;&#x432;&#x438;&#x43D;</subfield>
    <subfield code="b">&#x41F;.&#x411;.</subfield>
    <subfield code="g">&#x41F;&#x430;&#x432;. &#x411;.</subfield>
  </datafield>
  <datafield tag="801" ind1=" " ind2="0">
    <subfield code="a">RU</subfield>
    <subfield code="b">NLR</subfield>
    <subfield code="c">20070111</subfield>
  </datafield>
  <datafield tag="852" ind1=" " ind2=" ">
    <subfield code="a">NLR</subfield>
    <subfield code="j">&#x418;&#x440; 10 &#x412;-6/6</subfield>
  </datafield>
  <datafield tag="899" ind1=" " ind2=" ">
    <subfield code="a">&#x421;&#x41F;&#x431;&#x413;&#x423;</subfield>
  </datafield>
  <datafield tag="942" ind1=" " ind2=" ">
    <subfield code="c">BOOK</subfield>
  </datafield>
  <datafield tag="980" ind1=" " ind2=" ">
    <subfield code="a">NB</subfield>
  </datafield>
  <datafield tag="980" ind1=" " ind2=" ">
    <subfield code="a">A1SV</subfield>
  </datafield>
</record>
